The land tax and how to get it corrected (Record no. 97884)

MARC details
000 -LEADER
fixed length control field 00392cam a2200169 4500
001 - CONTROL NUMBER
control field D12011
008 - FIXED-LENGTH DATA ELEMENTS--GENERAL INFORMATION
fixed length control field 090401t1897 xxu||||| |||| 00| 0 eng d
035 ## - SYSTEM CONTROL NUMBER
System control number (Sirsi) u94037
041 ## - LANGUAGE CODE
Language code of text/sound track or separate title eng
100 ## - MAIN ENTRY--PERSONAL NAME
Personal name Arnott, John
245 #4 - TITLE STATEMENT
Title The land tax and how to get it corrected
260 ## - PUBLICATION, DISTRIBUTION, ETC.
Name of publisher, distributor, etc. Effingham Wilson
Date of publication, distribution, etc. 1897
350 ## - PRICE (NR) (BK AM CF MU VM SE) [OBSOLETE]
Price 0
520 ## - SUMMARY, ETC.
Summary, etc. Shelf 113
942 ## - ADDED ENTRY ELEMENTS (KOHA)
Suppress in OPAC 0
948 ## - LOCAL PROCESSING INFORMATION (OCLC); SERIES PART DESIGNATOR (RLIN)
c (OCLC) 04/03/1997
Holdings
Withdrawn status Lost status Source of classification or shelving scheme Damaged status Not for loan Home library Current library Shelving location Date acquired Total Checkouts Full call number Barcode Date last seen Copy number Price effective from Koha item type
    Other/Generic Classification Scheme     London London Basement 19/03/2001   SHELF 113 94037-1001 06/08/2019 1 06/08/2019 Book